000 01523namaa22003251i 4500
003 EG-GICUC
005 20260226114000.0
008 260226m19451955le ||||jr|||| 00| 0 ara d
040 _aEG-GiCUC
_bara
_cEG-GiCUC
_dEG-GiCUC
_erda
082 0 4 _221
_a910.3
_bH253
092 0 4 _221
_a910.3
_bH253
099 _a910.3 H253 1945
100 1 _a‏إبن عبد الحق، عبد المؤمن،
_d1260-1338
_eمؤلف.
245 1 _aمراصد الاطلاع على أسماء الأمكنة والبقاع :
_bوهو مختصر معجم البلدان لياقوت /
_cصفى الدين عبد المؤمن بن عبد الحق البغدادى ؛ تحقيق وتعليق على محمد البجاوى
250 _aالطبعة الاولى
264 _aبيروت (لبنان) :
_bدار المعرفة،
_c1945-1955
300 _a؛ (1-1624) 3 مجلدات
_b.
_c24 سم
336 _2rdacontent
_atext
337 _2rdamedia
_aUnmediated
338 _2rdacarrier
_avolume
504 _aيشتمل على ارجاع ببليوجرافية
541 _aد. جابر عصفور ؛
_bالقاهرة ؛
_cإهداء ؛
_d2024.
650 1 7 _aالجغرافيا
_vمعاجم
_2qrmak
650 1 7 _aالجغرافيا
_vالاعمال الاولية حتى 1800
_yالعصور الوسطى
_2qrmak
651 1 _2qrmak
700 0 _aياقوت بن عبد الله الحموي،
_d1179?-1229
_910636
_tمعجم البلدان
700 0 _aالبجاوى، على محمد
_eمحقق.
905 _aHuda
942 _2ddc
_cBK
_e21
_n0
999 _c178754
_d178754